00379nam a2200097Ia 4500008004100000245010300041245003500144260000900179650004500188856004800233171204s9999 xx 000 0 und d aYour Child's Social and Emotional Well-Being: A Complete Guide for Parents and Those Who Help Them cJohn S. Dacey ,Lisa B. Fiore c2016 xPRF Ed 1: Child & Adolescent Development uhttp://down.ebook777.com/052/1118977068.pdf